The seventeenth century literature handbook (Record no. 2131)

MARC details
000 -LEADER
fixed length control field 00547 a2200181 4500
001 - CONTROL NUMBER
control field 068469
003 - CONTROL NUMBER IDENTIFIER
control field OSt
005 - DATE AND TIME OF LATEST TRANSACTION
control field 20220217171953.0
008 - FIXED-LENGTH DATA ELEMENTS--GENERAL INFORMATION
fixed length control field
082 ## - DEWEY DECIMAL CLASSIFICATION NUMBER
Classification number 820.9004
Item number S83S
245 1# - TITLE STATEMENT
Title The seventeenth century literature handbook
Statement of responsibility, etc edited by Robert C. Evans and Eric J. Sterling
260 ## - PUBLICATION, DISTRIBUTION, ETC. (IMPRINT)
Place of publication, distribution, etc London
Name of publisher, distributor, etc Continuum
Date of publication, distribution, etc 2010
300 ## - PHYSICAL DESCRIPTION
Extent 268p.
653 ## - INDEX TERM--UNCONTROLLED
Uncontrolled term English literature--Early modern; English literature
700 ## - ADDED ENTRY--PERSONAL NAME
Personal name Evans, Robert C.
Relator term Editor
700 ## - ADDED ENTRY--PERSONAL NAME
Personal name Sterling, Eric J.
Relator term Editor
942 ## - ADDED ENTRY ELEMENTS (KOHA)
Source of classification or shelving scheme Dewey Decimal Classification
Koha item type Books
Holdings
Withdrawn status Lost status Source of classification or shelving scheme Damaged status Not for loan Collection code Home library Current library Date acquired Source of acquisition Cost, normal purchase price Total Checkouts Full call number Barcode Date last seen Date checked out Price effective from Koha item type
    Dewey Decimal Classification     General Text Book Central University Of Rajasthan Central University Of Rajasthan 07/03/2012 ENG 1305.00 1 820.9004 S83S 2756 21/11/2024 18/10/2024 02/09/2020 Books